00913nam a2200217 4500003000900000020001800009040002800027100003300055245008300088250002300171260003200194300006300226490008300289500011600372650003400488650002200522650004400544650003500588650004400623700002800667CO-ViMGA a9789586655224 aCO-ViMGAbspacCO-ViMGA1 aLechermeier, Philippe, 1968-10aCartas :bescritas con plumas y pelos /cPhilippe Lechermeier, Delphine Perret aEdición especial aBogotá : Siglo del Hombre a105 páginas :b ilustraciones en blanco y negro ; 19 cm. aPlan Nacional de Lectura y Escritura Leer es mi Cuento / Ministerio de Cultura aRecomendado para un público infantil mayor de 9 años \ Título original: Lettres ... plummes et ... poiles14aAnimales - Cuentos Infantiles14aAutores Franceses14aCuentos Infantiles Franceses - Siglo Xx14aLibros Ilustrados Para Niños14aLiteratura Infantil Francesa - Siglo Xx1 aPerret, Delphine, 1980-